00503cam a22001337a 4500008004000000082001400040100004100054245011400095260004500209300001000254500003200264700003400296700003900330180718b1973 xxu||||| |||| 00| 0 eng d aH6x54 In2 aIndia. Expert Committee on Legal Aid aReport of the Expert Committee on Legal Aid: processual justice to the peoplecby Department of Legal Affairs aDelhibDepartment of Legal Affairsc1973 a275+p aChairman: V.R. Krishna Iyer aIyer, V.R. Krishna (Chairman) aIndia. Department of Legal Affairs